Tate Modern : the handbook

Αποθηκεύτηκε σε:
Λεπτομέρειες βιβλιογραφικής εγγραφής
Άλλοι συγγραφείς: Blazwick, Iwona (edtf), Wilson, Simon, 1942- (Επιμελητής έκδοσης)
Μορφή: Βιβλίο
Γλώσσα:English
Δημοσίευση: London : Tate Gallery Publishing, c2000.
Θέματα:
Ετικέτες: Προσθήκη ετικέτας
Δεν υπάρχουν, Καταχωρήστε ετικέτα πρώτοι!

MARC

LEADER 00000cam a2200000 i 4500
001 1/68800
008 150318s2000 xxk ||| | eng||
020 |a 1854373129 (χαρτόδ.)  
035 |l 10121423 
040 |a GR-MyUa  |b gre  |c GR-MyUa  |e AACR2 
041 0 |a eng 
082 7 |a 708.2132   |2 (23)  
245 1 0 |a Tate Modern :   |b the handbook /   |c edited by Iwona Blazwick and Simon Wilson.  
260 |a London :   |b Tate Gallery Publishing,   |c c2000. 
300 |a 245 σ. :   |b εικ. ;   |c 27 εκ.  
504 |a Βιβλιογραφία: σ. 234-235. Ευρετήριο.  
610 2 0 |a Tate Modern (Gallery) 
650 0 0 |a Art, Modern  |y 20th century  |x Catalogs. 
700 1 |a Blazwick, Iwona,  |e edtf 
700 1 |a Wilson, Simon,   |d 1942-  |e edt 
852 |a INST  |b SYROS  |e 20150318  |h 708.2132 TAT  |p 005500012135  |q 005500012135  |t BK  |y 0 
901 |a BIBL5-2015-1 
909 |a Ε  |b 187383 
970 |a ΚΟΝΤΟΥ  |b ΠΑΡΑΣΚΕΥΗ  |z 2015/03/18